000 00385cam a2200145ua 4500
041 _aeng
_h
082 _a823.301
_bHEN/ST
100 _aHensman, Bertha M A .
245 _aStork Caliph and other stories /
_cBertha M A Hensman.
_hTextual Documents
260 _aLondon :
_bOxford University Press ,
_c1960.
300 _a60 ; .
504 _a
942 _cBK
999 _c12850
_d12850